000 01141nam a2200337 c 4500
999 _c50527
_d50527
001 50527
003 ES-MaCES
005 20180212142218.0
008 180212s2017 sp s o000 | spa d
017 _aM 27065-2017
024 _a030-15-167-2
_2nipo
024 _a030-15-166-7
_2nipo
040 _aES-MaCES
_bspa
_cES-MaCES
245 0 0 _aCurso escolar 2017/2018
_b: datos y cifras
260 _a[Madrid]
_bSubdirección General de Documentación y Publicaciones, Ministerio de Educación, Cultura y Deporte
_c2017
300 _a35 p.,
_bgráf. col.
_c21 cm
500 _aTít. tomado de la cub.
541 _cGratuito
650 4 _asistema educativo
_927375
650 4 _apresupuesto de la educación
_927398
650 4 _abeca
_927403
650 4 _agasto público
_928076
650 4 _aEspaña
_926964
650 4 _a2017-2018
_938917
650 4 _adatos estadísticos
_930765
653 1 0 _aEstadísticas económico-sociales
710 1 _aEspaña
_bMinisterio de Educación, Cultura y Deporte
_eed.
_93239
787 0 _tCurso escolar 2016/2017
_w(ES-MaCES)49600
902 _aDOC Literatura gris
942 _2CES
_cBK
_h8.2.